[Event "MCR senioru 2018 nad 70 let"]
[Site "Pelclovo divadlo Rychnov nad K"]
[Date "2018.07.28"]
[Round "1"]
[White "Vesely, Emanuel"]
[Black "Jablecnik, Gustav"]
[Result "0-1"]
[WhiteElo "1747"]
[BlackElo "2081"]
[PlyCount "70"]
[EventDate "2018.07.28"]

1. e4 e5 2. Nf3 Nc6 3. Bc4 Be7 4. Nc3 Nf6 5. d3 d6 6. h3 Na5 7. Be3 Nxc4 8.
dxc4 h6 9. Qe2 b6 10. O-O-O Bd7 11. Kb1 Qc8 12. g4 Nh7 13. Nd5 Bd8 14. Bc1 Nf8
15. Nh2 Ne6 16. f4 c6 17. fxe5 dxe5 18. Nc3 Bg5 19. Nf3 Qc7 20. Qf2 Bxc1 21.
Kxc1 O-O-O 22. Nh4 Nf4 23. Ng2 Be6 24. b3 Rxd1+ 25. Nxd1 Qd6 26. Nge3 Rd8 27.
Nf5 Bxf5 28. gxf5 Nxh3 29. Qg3 Ng5 30. Nf2 f6 31. Rd1 Qa3+ 32. Kb1 Rxd1+ 33.
Nxd1 Nxe4 34. Qd3 Qd6 35. Qxe4 Qxd1+ 0-1

[Event "MCR senioru 2018 nad 70 let"]
[Site "Pelclovo divadlo Rychnov nad K"]
[Date "2018.07.28"]
[Round "1"]
[White "Most, Zdenek"]
[Black "Matoulek, Jaroslav"]
[Result "1-0"]
[WhiteElo "2010"]
[BlackElo "1607"]
[PlyCount "99"]
[EventDate "2018.07.28"]

1. d4 d5 2. Nf3 Nf6 3. g3 e6 4. Bg2 Be7 5. O-O O-O 6. c4 c6 7. Nc3 dxc4 8. Ne5
Nd5 9. Nxc4 Nxc3 10. bxc3 Nd7 11. a4 Nb6 12. Qb3 Nxc4 13. Qxc4 Qa5 14. Bf4 Rd8
15. Rfd1 Bd6 16. Bxd6 Rxd6 17. Rab1 Rb8 18. e4 e5 19. d5 Qd8 20. Qb3 g6 21. c4
c5 22. Qc3 Qe7 23. a5 f6 24. Rd2 Qc7 25. Rdb2 b6 26. Qe3 Kg7 27. f4 Ba6 28.
fxe5 fxe5 29. Bh3 Bc8 30. Bf1 Rf6 31. Qc3 Bg4 32. axb6 axb6 33. Be2 Bxe2 34.
Rxe2 Rbf8 35. Qb2 Kg8 36. Rg2 Qf7 37. h3 Rf1+ 38. Rxf1 Qxf1+ 39. Kh2 Qf6 40.
Qb5 Ra8 41. h4 Kg7 42. Qd7+ Kh6 43. Qg4 Rd8 44. Rb2 Rd6 45. Kg2 Qd8 46. Rf2 Qe7
47. Qf3 Kg7 48. Kh3 Qd7+ 49. g4 h6 50. Qf8+ 1-0

[Event "MCR senioru 2018 nad 70 let"]
[Site "Pelclovo divadlo Rychnov nad Kneznou, Panska ulice"]
[Date "2018.07.28"]
[Round "1"]
[White "Bakalar, Jan"]
[Black "Folta, Frantisek"]
[Result "1-0"]
[WhiteElo "1998"]
[BlackElo "1742"]
[EventDate "2018.07.28"]
[PlyCount "71"]

1. e4 c5 2. Nc3 Nc6 3. g3 Nf6 4. Bg2 g6 5. d3 Bg7 6. h3 Rb8 7. Be3 d6 8. Qd2 b5
9. Nge2 Qb6 10. g4 Bd7 11. Ng3 Nd4 12. Nd1 b4 13. f4 Ba4 14. b3 Bc6 15. Bxd4
cxd4 16. a4 a5 17. Nb2 Nd7 18. Nc4 Qa7 19. O-O Nb6 20. Nb2 O-O 21. Rae1 e5 22.
f5 Qe7 23. g5 f6 24. h4 Rf7 25. Bh3 Rbf8 26. h5 fxg5 27. hxg6 hxg6 28. fxg6 Rf4
29. Bf5 Rh4 30. Re2 Bh6 31. Rh2 g4 32. Qe2 Be3+ 33. Kh1 Qg5 34. Be6+ Kg7 35.
Nf5+ Kxg6 36. Nxh4+ 1-0

[Event "MCR senioru 2018 nad 70 let"]
[Site "Pelclovo divadlo Rychnov nad Kneznou, Panska ulice"]
[Date "2018.07.28"]
[Round "1"]
[White "Bartosek, Ivan"]
[Black "Trojan, Lubos"]
[Result "0-1"]
[WhiteElo "1742"]
[BlackElo "1995"]
[EventDate "2018.07.28"]
[PlyCount "80"]

1. e4 c6 2. d4 d5 3. e5 Bf5 4. f4 h5 5. Nf3 Nh6 6. Bd3 e6 7. Nc3 Be7 8. Be3 Nd7
9. Ne2 Qb6 10. O-O Ng4 11. Qd2 Bxd3 12. Qxd3 Nxe3 13. Qxe3 Qxb2 14. Rfb1 Qxc2
15. Rxb7 c5 16. a4 cxd4 17. Nfxd4 Qc8 18. Rb5 Nb6 19. Qb3 g6 20. Rc1 Nc4 21.
Rb7 Bc5 22. Qb5+ Kf8 23. Kh1 Bb6 24. Qb4+ Qc5 25. Qxc5+ Bxc5 26. Nb5 Be3 27.
Rc3 g5 28. Nd6 Nxd6 29. exd6 d4 30. Rcc7 Rh7 31. fxg5 d3 32. Nc3 Bxg5 33. Kg1
Be3+ 34. Kf1 Bb6 35. Nb5 Rd8 36. Rd7 Rxd7 37. Rxd7 Rg7 38. Nxa7 Rg4 39. Nb5
Rf4+ 40. Ke1 Ba5+ 0-1

[Event "MCR senioru 2018 nad 70 let"]
[Site "Pelclovo divadlo Rychnov nad K"]
[Date "2018.07.28"]
[Round "1"]
[White "Vitek, Vaclav"]
[Black "Vlachopulos, Elefteris"]
[Result "1-0"]
[WhiteElo "1980"]
[BlackElo "1737"]
[PlyCount "49"]
[EventDate "2018.07.28"]

1. e4 c5 2. Nf3 d6 3. c3 g6 4. d4 cxd4 5. cxd4 Bg7 6. Nc3 Nc6 7. Be3 Nf6 8. h3
Qa5 9. Qd2 O-O 10. Be2 a6 11. O-O b5 12. a3 Bb7 13. b4 Qd8 14. Bh6 Rc8 15. Bxg7
Kxg7 16. d5 Ne5 17. Nxe5 dxe5 18. Qe3 Qd6 19. Rac1 Rc7 20. Bxb5 Rxc3 21. Rxc3
axb5 22. Rfc1 Rb8 23. Rc7 Ne8 24. Qa7 Nxc7 25. Qxb8 1-0

[Event "MCR senioru 2018 nad 70 let"]
[Site "Pelclovo divadlo Rychnov nad Kneznou, Panska ulice"]
[Date "2018.07.28"]
[Round "1"]
[White "Havel, Frantisek"]
[Black "Just, Pavel"]
[Result "0-1"]
[WhiteElo "1731"]
[BlackElo "1978"]
[EventDate "2018.07.28"]
[PlyCount "70"]

1. Nf3 Nf6 2. d4 e6 3. c4 d5 4. e3 c6 5. Nc3 Be7 6. a3 dxc4 7. Bxc4 b5 8. Bd3
O-O 9. O-O Bb7 10. Qc2 h6 11. Ne5 Nbd7 12. f4 a6 13. Kh1 c5 14. Nxd7 Nxd7 15.
dxc5 Nxc5 16. Be2 Rc8 17. Qb1 Nb3 18. Ra2 Bf6 19. Bd1 Nxc1 20. Qxc1 Bxg2+ 21.
Kxg2 Bxc3 22. Bf3 Bd2 23. Qd1 Bxe3 24. Qxd8 Rc2+ 25. Kg3 Rxd8 26. Be4 Rcd2 27.
Kf3 Bd4 28. Kg3 Rxb2 29. Rxb2 Bxb2 30. Rf3 Rd7 31. Bc2 g6 32. Rb3 Bc1 33. Rf3
Kg7 34. h4 h5 35. Bb3 Bxa3 0-1

[Event "MCR senioru 2018 nad 70 let"]
[Site "Pelclovo divadlo Rychnov nad K"]
[Date "2018.07.28"]
[Round "1"]
[White "Chmelik, Jiri"]
[Black "Tolar, Jan"]
[Result "1-0"]
[WhiteElo "1951"]
[BlackElo "1719"]
[PlyCount "59"]
[EventDate "2018.07.28"]

1. d4 Nf6 2. c4 g6 3. Nc3 d5 4. e3 Bg7 5. Nf3 O-O 6. Qb3 c6 7. Bd2 Qb6 8. c5
Qc7 9. Bd3 b6 10. cxb6 axb6 11. O-O Be6 12. Ng5 Bc8 13. Rfc1 Ba6 14. Bxa6 Rxa6
15. Nxd5 Nxd5 16. Qxd5 e6 17. Qb3 Qd8 18. Nf3 Qd5 19. Qxd5 exd5 20. Rc2 Rc8 21.
a3 f6 22. Ne1 b5 23. Nd3 Bf8 24. Bb4 Nd7 25. Bxf8 Kxf8 26. Nb4 Ra7 27. Nxd5 Kf7
28. Nb4 Rac7 29. Rac1 Nb8 30. Rc5 1-0

[Event "MCR senioru 2018 nad 70 let"]
[Site "Pelclovo divadlo Rychnov nad Kneznou, Panska ulice"]
[Date "2018.07.28"]
[Round "1"]
[White "Bukacek, Lubomir"]
[Black "Slizek, Josef"]
[Result "1/2-1/2"]
[WhiteElo "1712"]
[BlackElo "1948"]
[EventDate "2018.07.28"]
[PlyCount "48"]

1. e4 c5 2. a3 Nc6 3. b4 cxb4 4. axb4 Nxb4 5. c3 Nc6 6. d4 d5 7. exd5 Qxd5 8.
Na3 e6 9. Nb5 Qd8 10. Bf4 e5 11. dxe5 Be6 12. Nf3 Bc5 13. Qxd8+ Kxd8 14. Be2 h6
15. O-O Nge7 16. Rfd1+ Kc8 17. Nfd4 Nd5 18. Bg3 Rd8 19. Nxe6 fxe6 20. Bg4 Nc7
21. Nxc7 Kxc7 22. Bxe6 Rxd1+ 23. Rxd1 Rd8 24. Rxd8 Kxd8 1/2-1/2

[Event "MCR senioru 2018 nad 70 let"]
[Site "Pelclovo divadlo Rychnov nad Kneznou, Panska ulice"]
[Date "2018.07.28"]
[Round "1"]
[White "Briza, Jiri"]
[Black "Koudelka, Milos"]
[Result "1-0"]
[WhiteElo "1942"]
[BlackElo "1705"]
[EventDate "2018.07.28"]
[PlyCount "85"]

1. e4 c5 2. c3 d5 3. exd5 Qxd5 4. d4 e6 5. Nf3 Nf6 6. c4 Qd8 7. Be2 Be7 8. O-O
O-O 9. Nc3 Nc6 10. dxc5 Bxc5 11. Bg5 Be7 12. a3 h6 13. Bh4 a6 14. Qc2 Nd7 15.
Bg3 f5 16. h3 Qe8 17. Rfe1 Qf7 18. Bd3 Nc5 19. Ne5 Nxe5 20. Bxe5 Nxd3 21. Qxd3
Bf6 22. Bxf6 Qxf6 23. Rad1 b5 24. cxb5 axb5 25. Qxb5 Ba6 26. Qc6 e5 27. Rd6 Qg5
28. Qd5+ Kh7 29. Qd2 Qxd2 30. Rxd2 e4 31. f3 exf3 32. gxf3 Rfd8 33. Red1 Rxd2
34. Rxd2 Kg6 35. Kf2 Kh5 36. Rd5 Kg5 37. Ne4+ Kf4 38. Nc5 Kg5 39. Ne6+ Kf6 40.
Nc7 Bb7 41. Rd6+ Ke7 42. Rb6 Ra7 43. Nb5 1-0

[Event "MCR senioru 2018 nad 70 let"]
[Site "Pelclovo divadlo Rychnov nad Kneznou, Panska ulice"]
[Date "2018.07.28"]
[Round "1"]
[White "Cermak, Tomas"]
[Black "Fiser, Jiri"]
[Result "0-1"]
[WhiteElo "1705"]
[BlackElo "1939"]
[EventDate "2018.07.28"]
[PlyCount "62"]

1. f4 d5 2. d4 Nf6 3. Nf3 c5 4. e3 Bg4 5. c3 e6 6. Be2 Nc6 7. O-O Bd6 8. Ne5
Bxe2 9. Qxe2 Qc7 10. Nd2 O-O-O 11. Qb5 h5 12. Nxc6 bxc6 13. Qa6+ Kb8 14. Nf3
Ne4 15. Ne5 Rc8 16. c4 f6 17. Nf3 g5 18. g3 h4 19. g4 gxf4 20. cxd5 exd5 21.
Qe2 h3 22. dxc5 Bxc5 23. Nd4 Rce8 24. Qf3 Rh4 25. Nf5 fxe3 26. Bxe3 Bxe3+ 27.
Nxe3 Nd2 28. Qf2 Rxe3 29. Qxh4 Nxf1 30. Rxf1 Qe5 31. Qxf6 Rg3+ 0-1

[Event "MCR senioru 2018 nad 70 let"]
[Site "Pelclovo divadlo Rychnov nad K"]
[Date "2018.07.29"]
[Round "2"]
[White "Jablecnik, Gustav"]
[Black "Klimes, Jiri"]
[Result "1-0"]
[WhiteElo "2081"]
[BlackElo "1853"]
[PlyCount "79"]
[EventDate "2018.07.28"]

1. e4 e5 2. Nf3 Nc6 3. Bb5 a6 4. Bxc6 dxc6 5. d4 c5 6. dxe5 Qxd1+ 7. Kxd1 Ne7
8. Nc3 Bg4 9. h3 O-O-O+ 10. Ke2 Be6 11. Bg5 h6 12. Bxe7 Bxe7 13. Rhd1 c6 14.
Rxd8+ Rxd8 15. Rd1 Rxd1 16. Kxd1 h5 17. b3 g5 18. Ne2 g4 19. Nfg1 f5 20. exf5
Bxf5 21. Ng3 Bg6 22. hxg4 hxg4 23. f4 gxf3 24. gxf3 c4 25. f4 cxb3 26. axb3 Bh4
27. N1e2 Kd7 28. f5 Bh7 29. Kd2 c5 30. Ke3 b5 31. Kf4 a5 32. e6+ Ke7 33. Ne4 c4
34. Nd4 cxb3 35. cxb3 a4 36. bxa4 bxa4 37. Ke5 a3 38. f6+ Bxf6+ 39. Nxf6 a2 40.
Nc6+ 1-0

[Event "MCR senioru 2018 nad 70 let"]
[Site "Pelclovo divadlo Rychnov nad K"]
[Date "2018.07.29"]
[Round "2"]
[White "Zikmund, Jaroslav"]
[Black "Most, Zdenek"]
[Result "0-1"]
[WhiteElo "1826"]
[BlackElo "2010"]
[PlyCount "103"]
[EventDate "2018.07.28"]

1. d4 Nf6 2. c4 e6 3. Nc3 d5 4. Nf3 Bb4 5. Bd2 O-O 6. e3 c6 7. Bd3 Nbd7 8. O-O
Re8 9. Qc2 Bd6 10. e4 dxe4 11. Nxe4 Nxe4 12. Bxe4 Nf6 13. Bc3 Nxe4 14. Qxe4 Bd7
15. Rad1 Qe7 16. Rfe1 Rad8 17. a3 f6 18. Bd2 Bc8 19. Bf4 Bxf4 20. Qxf4 Qf7 21.
h3 Qd7 22. b4 b6 23. Qd2 Bb7 24. Re3 Ba6 25. Qc2 e5 26. Rde1 exd4 27. Rxe8+
Rxe8 28. Rxe8+ Qxe8 29. Qa4 Bxc4 30. Qxa7 Qd8 31. Qa4 b5 32. Qd1 d3 33. Nd2 Qd4
34. Qc1 Bd5 35. Kf1 Qe5 36. Kg1 Qg5 37. g3 Qf5 38. Qe1 h6 39. Kh2 Kh7 40. Qf1
h5 41. Qe1 h4 42. Qe3 hxg3+ 43. Qxg3 Qe5 44. Qxe5 fxe5 45. f3 Kg6 46. Kg3 Kf5
47. h4 e4 48. fxe4+ Bxe4 49. Kf2 Kf4 50. Nf1 g6 51. Nd2 Bd5 52. Nf1 0-1

[Event "MCR senioru 2018 nad 70 let"]
[Site "Pelclovo divadlo Rychnov nad K"]
[Date "2018.07.29"]
[Round "2"]
[White "Truksa, Vaclav"]
[Black "Bakalar, Jan"]
[Result "0-1"]
[WhiteElo "1801"]
[BlackElo "1998"]
[PlyCount "24"]
[EventDate "2018.07.28"]

1. d4 Nf6 2. Nf3 b6 3. Bf4 Bb7 4. e3 g6 5. Bd3 Bg7 6. h3 d6 7. O-O O-O 8. Nbd2
c5 9. c3 cxd4 10. exd4 e5 11. dxe5 dxe5 12. Nxe5 Nh5 0-1

[Event "MCR senioru 2018 nad 70 let"]
[Site "Pelclovo divadlo Rychnov nad K"]
[Date "2018.07.29"]
[Round "2"]
[White "Trojan, Lubos"]
[Black "Havrlik, Pavel"]
[Result "1-0"]
[WhiteElo "1995"]
[BlackElo "1823"]
[PlyCount "49"]
[EventDate "2018.07.28"]

1. d4 d5 2. Nf3 Nc6 3. Bf4 Bg4 4. Nbd2 f6 5. c3 e6 6. h3 Bh5 7. Qa4 Bd6 8. Bxd6
Qxd6 9. e4 Nge7 10. Bd3 O-O 11. O-O a6 12. Rfe1 Qd7 13. Qc2 h6 14. Nh4 g5 15.
exd5 exd5 16. Nf5 Nxf5 17. Bxf5 Qg7 18. Nf1 Rae8 19. Ng3 Bf7 20. Bd7 Bg6 21.
Bf5 Rxe1+ 22. Rxe1 Re8 23. Rxe8+ Bxe8 24. Be6+ Bf7 25. Nh5 1-0

[Event "MCR senioru 2018 nad 70 let"]
[Site "Pelclovo divadlo Rychnov nad K"]
[Date "2018.07.29"]
[Round "2"]
[White "Haderka, Karel"]
[Black "Vitek, Vaclav"]
[Result "1/2-1/2"]
[WhiteElo "1794"]
[BlackElo "1980"]
[PlyCount "137"]
[EventDate "2018.07.28"]

1. c4 e6 2. Nc3 d5 3. cxd5 exd5 4. d4 c6 5. g3 Nf6 6. Bg2 Bf5 7. Bg5 h6 8. Bxf6
Qxf6 9. Nf3 Bd6 10. Qb3 Qe7 11. O-O Qc7 12. Rac1 Qb6 13. Rfe1 Qxb3 14. axb3 Bb4
15. Nh4 Be6 16. e4 dxe4 17. Rxe4 Be7 18. Ng6 fxg6 19. Rxe6 Kf7 20. Rce1 Bf6 21.
d5 Rc8 22. Ne4 Rd8 23. Nxf6 gxf6 24. Re7+ Kf8 25. Rxb7 cxd5 26. Ree7 Rd6 27.
Rh7 Kg8 28. Rxh6 Nd7 29. Rxg6+ Kf7 30. Rh6 Kg7 31. Rh5 Re8 32. Bh3 Kg6 33. Rh4
Ne5 34. Kg2 Nf7 35. Rf4 Nh6 36. Ra4 a6 37. Rab4 d4 38. Rd7 Rd8 39. Rxd8 Rxd8
40. Kf1 Nf7 41. f4 d3 42. Ke1 Re8+ 43. Kd2 Re2+ 44. Kxd3 Rxh2 45. Bf1 Rxb2 46.
Kc3 Rf2 47. Bd3+ Kg7 48. g4 a5 49. Rd4 Kf8 50. Bc4 Rf3+ 51. Kb2 Nh6 52. g5 fxg5
53. fxg5 Nf5 54. Rd5 Ne3 55. Rxa5 Nxc4+ 56. bxc4 Rg3 57. Rd5 Ke7 58. c5 Re3 59.
c6 Re6 60. Rc5 Kd8 61. Kb3 Kc7 62. Kb4 Re1 63. Kc3 Rd1 64. Rc4 Rd5 65. Rg4 Kxc6
66. g6 Rd8 67. g7 Rg8 68. Kd4 Kd6 69. Ke4 1/2-1/2

[Event "MCR senioru 2018 nad 70 let"]
[Site "Pelclovo divadlo Rychnov nad K"]
[Date "2018.07.29"]
[Round "2"]
[White "Just, Pavel"]
[Black "Glembek, Bohumir"]
[Result "1/2-1/2"]
[WhiteElo "1978"]
[BlackElo "1785"]
[PlyCount "49"]
[EventDate "2018.07.28"]

1. e4 Nf6 2. e5 Nd5 3. d4 d6 4. Nf3 Bg4 5. Be2 Nc6 6. exd6 exd6 7. O-O Be7 8.
c4 Nb6 9. Be3 O-O 10. Nbd2 Bf6 11. Rc1 Re8 12. h3 Bxf3 13. Nxf3 Qe7 14. a3 Rad8
15. b3 a6 16. Bd3 g6 17. Qd2 Qf8 18. Bb1 Bg7 19. Rcd1 f5 20. h4 h6 21. g3 Nd7
22. h5 g5 23. Qd3 Ne7 24. g4 Nf6 25. Bxg5 1/2-1/2

[Event "MCR senioru 2018 nad 70 let"]
[Site "Pelclovo divadlo Rychnov nad K"]
[Date "2018.07.29"]
[Round "2"]
[White "Kasik, Miroslav"]
[Black "Chmelik, Jiri"]
[Result "1/2-1/2"]
[WhiteElo "1778"]
[BlackElo "1951"]
[PlyCount "73"]
[EventDate "2018.07.28"]

1. d4 Nf6 2. Nf3 e6 3. g3 b6 4. Bg2 Bb7 5. O-O Be7 6. Bg5 d6 7. Nbd2 Nbd7 8. c3
O-O 9. Qc2 c5 10. e3 h6 11. Bxf6 Nxf6 12. Rfc1 Qc7 13. Qd1 Rac8 14. Qf1 Rfd8
15. Qe1 Ne4 16. Nxe4 Bxe4 17. Qf1 Qb7 18. Nd2 Bxg2 19. Qxg2 Qxg2+ 20. Kxg2 d5
21. Nf3 Rc7 22. Kf1 Rdc8 23. Ke2 cxd4 24. exd4 b5 25. a3 a5 26. Kd3 b4 27. axb4
axb4 28. Rc2 bxc3 29. Rxc3 Rxc3+ 30. bxc3 Bf6 31. g4 g5 32. h3 Rb8 33. Kc2 Rb7
34. Ra6 Kg7 35. Ra8 Rc7 36. Kd3 Rb7 37. Kc2 1/2-1/2

[Event "MCR senioru 2018 nad 70 let"]
[Site "Pelclovo divadlo Rychnov nad K"]
[Date "2018.07.29"]
[Round "2"]
[White "Kosek, Lubomir"]
[Black "Briza, Jiri"]
[Result "0-1"]
[WhiteElo "1769"]
[BlackElo "1942"]
[PlyCount "92"]
[EventDate "2018.07.28"]

1. e4 e5 2. Nf3 Nc6 3. Bc4 Bc5 4. O-O d6 5. c3 Nf6 6. d4 exd4 7. cxd4 Bb6 8. h3
O-O 9. Nc3 Nxe4 10. Nxe4 d5 11. Nf6+ Qxf6 12. Bxd5 Nxd4 13. Be3 Nxf3+ 14. Qxf3
Qxf3 15. Bxf3 Bxe3 16. fxe3 c6 17. a4 Be6 18. a5 a6 19. Ra4 Rad8 20. Rb4 Bc8
21. Re1 Rd2 22. e4 Rfd8 23. e5 R2d4 24. Re4 Rxe4 25. Rxe4 Rd5 26. b4 Rd2 27.
Kh2 Be6 28. Kg3 Kf8 29. Kf4 Bd5 30. Re3 Rd4+ 31. Kf5 Bxf3 32. Rxf3 h6 33. e6
Rd5+ 34. Ke4 f6 35. Rf5 Rd2 36. Rc5 Rb2 37. Rc4 Ke7 38. g4 Kxe6 39. h4 g5 40.
h5 Rb3 41. Kd4 Rf3 42. Kc5 Rf4 43. Rc1 Rxg4 44. Rd1 Re4 45. Rd8 Re5+ 46. Kc4 g4
0-1

[Event "MCR senioru 2018 nad 70 let"]
[Site "Pelclovo divadlo Rychnov nad K"]
[Date "2018.07.29"]
[Round "2"]
[White "Fiser, Jiri"]
[Black "Martinec, Karel"]
[Result "1-0"]
[WhiteElo "1939"]
[BlackElo "1772"]
[PlyCount "41"]
[EventDate "2018.07.28"]

1. e4 e5 2. Nf3 Nc6 3. Bb5 a6 4. Ba4 Nf6 5. d3 d6 6. c3 Be7 7. O-O O-O 8. Re1
b5 9. Bc2 Bg4 10. Nbd2 Re8 11. h3 Bh5 12. Nf1 Bf8 13. Ng3 Bxf3 14. Qxf3 g6 15.
a4 b4 16. a5 bxc3 17. bxc3 Nb8 18. Ba4 Nbd7 19. Bg5 Re6 20. Bxd7 Qxd7 21. Bxf6
1-0

[Event "MCR senioru 2018 nad 70 let"]
[Site "Pelclovo divadlo Rychnov nad K"]
[Date "2018.07.29"]
[Round "2"]
[White "Walter, Jaroslav"]
[Black "Rucka, Alois"]
[Result "1-0"]
[WhiteElo "1650"]
[BlackElo "1933"]
[PlyCount "45"]
[EventDate "2018.07.28"]

1. e4 c5 2. Nf3 a6 3. Nc3 e6 4. d4 cxd4 5. Nxd4 Nc6 6. Be3 Bb4 7. Nxc6 bxc6 8.
Qd4 Bf8 9. Be2 d6 10. Rd1 Qc7 11. O-O Nf6 12. f4 c5 13. Qa4+ Bd7 14. Bb5 Bxb5
15. Nxb5 Qd7 16. Nc7+ Kd8 17. Qxd7+ Nxd7 18. Nxa8 Kc8 19. b4 Kb7 20. bxc5 Nxc5
21. Bxc5 Kc6 22. Be3 Be7 23. Nb6 1-0

[Event "MCR senioru 2018 nad 70 let"]
[Site "Pelclovo divadlo Rychnov nad K"]
[Date "2018.07.30"]
[Round "3"]
[White "Fiser, Jiri"]
[Black "Jablecnik, Gustav"]
[Result "1/2-1/2"]
[WhiteElo "1939"]
[BlackElo "2081"]
[PlyCount "48"]
[EventDate "2018.07.28"]

1. e4 e5 2. Nf3 Nc6 3. Bb5 a6 4. Ba4 b5 5. Bb3 Bc5 6. d3 d6 7. c3 Nf6 8. Bg5 h6
9. Bh4 g5 10. Bg3 Ne7 11. Nbd2 Ng6 12. d4 exd4 13. cxd4 Bb6 14. e5 dxe5 15.
Nxe5 Nxe5 16. dxe5 Qe7 17. O-O Nd7 18. Re1 Nc5 19. Bd5 Bb7 20. Bxb7 Nxb7 21.
Ne4 Nc5 22. Nf6+ Kf8 23. Qh5 Rd8 24. Red1 Kg7 1/2-1/2

[Event "MCR senioru 2018 nad 70 let"]
[Site "Pelclovo divadlo Rychnov nad K"]
[Date "2018.07.30"]
[Round "3"]
[White "Bakalar, Jan"]
[Black "Jacek, Miloslav"]
[Result "1-0"]
[WhiteElo "1998"]
[BlackElo "1931"]
[PlyCount "127"]
[EventDate "2018.07.28"]

1. e4 d5 2. exd5 Qxd5 3. d4 e5 4. dxe5 Qxe5+ 5. Be2 Bg4 6. c3 Bxe2 7. Nxe2 Bc5
8. O-O Nf6 9. Ng3 O-O 10. Nd2 Nc6 11. Nf3 Qd5 12. Bg5 Qxd1 13. Raxd1 Ng4 14. b4
Bb6 15. c4 f6 16. Bd2 a5 17. c5 Ba7 18. a3 Nge5 19. Nxe5 Nxe5 20. Bf4 axb4 21.
Bxe5 fxe5 22. axb4 Rad8 23. Ne4 b6 24. f3 bxc5 25. bxc5 c6 26. Rxd8 Rxd8 27.
Ra1 Rd7 28. Ra6 Rc7 29. Kf1 Kf7 30. Nd6+ Kf8 31. Ne4 Ke7 32. Ra1 Rd7 33. Ke2 h6
34. Ra6 Rc7 35. Kd3 Kd7 36. Kc4 Bb8 37. Nd6 Ra7 38. Rxa7+ Bxa7 39. Nf5 Ke6 40.
Nxg7+ Kf7 41. Nf5 h5 42. Nd6+ Ke6 43. h4 Bb8 44. Ne4 Bc7 45. g4 hxg4 46. fxg4
Bd8 47. h5 Be7 48. Kd3 Bd8 49. h6 Kf7 50. Ke2 Kg6 51. g5 Be7 52. Kf3 Bf8 53.
Kg4 Be7 54. h7 Kxh7 55. Kf5 Kg7 56. Ke6 Bf8 57. Kd7 Kg6 58. Kxc6 Kf5 59. Kd5
Be7 60. c6 Bd8 61. Nd6+ Kg6 62. Ne4 Bc7 63. Ke6 Bb8 64. Kd7 1-0

[Event "MCR senioru 2018 nad 70 let"]
[Site "Pelclovo divadlo Rychnov nad K"]
[Date "2018.07.30"]
[Round "3"]
[White "Kotva, Milan"]
[Black "Trojan, Lubos"]
[Result "0-1"]
[WhiteElo "1886"]
[BlackElo "1995"]
[PlyCount "62"]
[EventDate "2018.07.28"]

1. e4 e6 2. d4 d5 3. Nc3 Nf6 4. Bg5 Be7 5. e5 Nfd7 6. h4 a6 7. f4 c5 8. Nf3 Nc6
9. f5 cxd4 10. fxe6 fxe6 11. Ne2 Ndxe5 12. Bxe7 Nxf3+ 13. gxf3 Qxe7 14. Qd2 Qf6
15. O-O-O O-O 16. f4 Bd7 17. Bg2 Rac8 18. Rdf1 Qg6 19. Rhg1 Qf5 20. Rf3 Rc7 21.
Rg3 Be8 22. Rg5 Qf6 23. f5 h6 24. Rg3 d3 25. Rxd3 Qxf5 26. Bh3 Qf6 27. Qe3 Ne5
28. Rc3 Rxc3 29. bxc3 Nc4 30. Qg3 Bd7 31. Nf4 Qxf4+ 0-1

[Event "MCR senioru 2018 nad 70 let"]
[Site "Pelclovo divadlo Rychnov nad K"]
[Date "2018.07.30"]
[Round "3"]
[White "Briza, Jiri"]
[Black "Walter, Jaroslav"]
[Result "1-0"]
[WhiteElo "1942"]
[BlackElo "1650"]
[PlyCount "109"]
[EventDate "2018.07.28"]

1. b3 e5 2. Bb2 Nc6 3. e3 d6 4. c4 Bf5 5. d3 Nf6 6. Nf3 Be7 7. Be2 O-O 8. O-O
Rc8 9. e4 Bg4 10. Nfd2 Bxe2 11. Qxe2 Nd4 12. Bxd4 exd4 13. Nf3 c5 14. Nbd2 Nd7
15. Rfb1 Re8 16. Nf1 Bf6 17. Ng3 Nf8 18. Qd2 Ne6 19. b4 b6 20. b5 g6 21. a4 Rc7
22. a5 Qe7 23. axb6 axb6 24. Ra6 Rb8 25. Rba1 Rcb7 26. Ne2 g5 27. Ng3 Ng7 28.
h3 h5 29. Re1 g4 30. hxg4 hxg4 31. Nh2 Bg5 32. Qe2 f5 33. Nxf5 Nxf5 34. exf5
Qxe2 35. Rxe2 g3 36. Ng4 gxf2+ 37. Kxf2 Rf7 38. f6 Bxf6 39. Nh6+ Kg7 40. Nxf7
Kxf7 41. Ra7+ Kf8 42. Re6 Be5 43. Kf3 Kg8 44. Ke4 Rf8 45. Kd5 Rf7 46. Re8+ Kg7
47. Rxf7+ Kxf7 48. Rb8 Ke7 49. Rxb6 Kd7 50. Rb7+ Kc8 51. Rf7 Bg3 52. Kc6 Kb8
53. Rf8+ Ka7 54. b6+ Ka6 55. b7 1-0

[Event "MCR senioru 2018 nad 70 let"]
[Site "Pelclovo divadlo Rychnov nad K"]
[Date "2018.07.30"]
[Round "3"]
[White "Pojedziniec, Wladyslaw"]
[Black "Stec, Frantisek"]
[Result "1-0"]
[WhiteElo "1913"]
[BlackElo "1925"]
[PlyCount "25"]
[EventDate "2018.07.28"]

1. d4 d5 2. c4 e6 3. Nc3 Nf6 4. Nf3 c6 5. e3 Nbd7 6. Bd3 Bd6 7. O-O Qe7 8. e4
dxc4 9. Bxc4 e5 10. h3 h6 11. Be3 O-O 12. Nh4 Re8 13. Ng6 1-0

[Event "MCR senioru 2018 nad 70 let"]
[Site "Pelclovo divadlo Rychnov nad K"]
[Date "2018.07.30"]
[Round "3"]
[White "Vitek, Vaclav"]
[Black "Kasik, Miroslav"]
[Result "1/2-1/2"]
[WhiteElo "1980"]
[BlackElo "1778"]
[PlyCount "102"]
[EventDate "2018.07.28"]

1. d4 d5 2. Bf4 Nf6 3. e3 e6 4. Nd2 Bd6 5. Bg3 c6 6. Ngf3 Qc7 7. c4 Bxg3 8.
hxg3 Nbd7 9. Qc2 dxc4 10. Nxc4 g6 11. Be2 h5 12. Nfe5 Rg8 13. O-O-O Nb6 14. e4
Nxc4 15. Nxc4 b5 16. Ne5 a6 17. Bf3 Bb7 18. Nd3 O-O-O 19. Nc5 Nd7 20. e5 Nxc5
21. Qxc5 Kb8 22. Kb1 Rc8 23. Rc1 Qd7 24. Be4 Rgd8 25. Rhd1 Rc7 26. Qb6 Ka8 27.
Rd3 Rdc8 28. Ra3 Rd8 29. f3 Rdc8 30. Rac3 Qe8 31. f4 Qd7 32. Bf3 Qe8 33. d5
exd5 34. Bxd5 Qd7 35. Bf3 Qe6 36. Rc5 Qd7 37. Rd1 Qe8 38. Rd6 Kb8 39. Rcxc6
Rxc6 40. Bxc6 Qxc6 41. Rxc6 Rxc6 42. Qd8+ Rc8 43. Qd6+ Rc7 44. b3 Be4+ 45. Kb2
Kb7 46. e6 fxe6 47. Qxe6 Bf5 48. Qd5+ Kb6 49. Ka3 a5 50. Qd4+ Kb7 51. Qd5+ Kb6
1/2-1/2

[Event "MCR senioru 2018 nad 70 let"]
[Site "Pelclovo divadlo Rychnov nad K"]
[Date "2018.07.30"]
[Round "3"]
[White "Pokora, Lubomir"]
[Black "Just, Pavel"]
[Result "1/2-1/2"]
[WhiteElo "1891"]
[BlackElo "1978"]
[PlyCount "140"]
[EventDate "2018.07.28"]

1. e4 e5 2. Nf3 Nc6 3. Bb5 Nf6 4. O-O Nxe4 5. d4 Nd6 6. Bxc6 dxc6 7. dxe5 Nf5
8. Qxd8+ Kxd8 9. Nc3 Ke8 10. b3 h6 11. Bb2 Be6 12. Rfd1 Rd8 13. Ne2 c5 14. Nf4
Be7 15. Nxe6 fxe6 16. Rxd8+ Kxd8 17. Rd1+ Ke8 18. Kf1 Rf8 19. c4 g5 20. Rd3 g4
21. Nd2 h5 22. Ne4 b6 23. Kg1 Nh4 24. Ng3 Rh8 25. Ne4 Nf5 26. Bc1 Nd4 27. Kf1
Rf8 28. Ng3 h4 29. Nh5 Rf7 30. Bb2 Nc6 31. g3 hxg3 32. Rxg3 Bh4 33. Nf6+ Rxf6
34. exf6 Bxg3 35. hxg3 Kf7 36. Ke2 e5 37. Ke3 Kxf6 38. Ke4 Ke6 39. f3 gxf3 40.
Kxf3 Ne7 41. Ke4 Ng6 42. g4 c6 43. Bc1 a5 44. Bd2 Kd6 45. Bc3 Ke6 46. Bd2 Nh8
47. Bc3 Nf7 48. Bd2 Nd6+ 49. Kf3 a4 50. Bc3 axb3 51. axb3 b5 52. cxb5 cxb5 53.
Bd2 b4 54. Ke2 Nb5 55. Kd3 Kd5 56. g5 e4+ 57. Kc2 Nd4+ 58. Kb2 Ke6 59. Bf4 Nf5
60. Kc2 Kd5 61. g6 Nd4+ 62. Kb2 Nf5 63. Kc2 Ke6 64. Bg5 Ke5 65. Kd2 Ng7 66. Be7
e3+ 67. Ke2 c4 68. Bxb4 Ne6 69. Bc3+ Ke4 70. g7 Nxg7 1/2-1/2